000 00703nam a2200217Ia 4500
003 GCL
008 140319s9999 xx 000 0 ara d
040 _aGCL /
_cGCL
082 0 4 _a796.4
_bح ل
100 1 _aحنفى محمود مختار
245 1 0 _aلياقتك البدنية بعد الاربعين /
_cحنفى محمود مختار
700 1 _aليلى عبد العزيز زهران
260 _a[S.N] :
_bدار الفكر العربى ،
_c1993
300 _a85 ص
490 _a
650 0 4 _aالرياضة البدنية
650 0 4 _aالصحة العامة
650 0 4 _aالالعاب الرياضية
650 0 4 _aالتمرينات الرياضية
942 _2ddc
_cBK
999 _c31400
_d31400